Business Basics. Teacher's Book /
Na minha lista:
| Main Authors: | , |
|---|---|
| Formato: | Livro |
| Idioma: | inglês |
| Publicado em: |
Oxford :
Oxford University Press,
1996
|
| Edição: | 2nd impression |
| Tags: |
Sem tags, seja o primeiro a adicionar uma tag!
|
MARC
| LEADER | 00000nam a22000003a 4500 | ||
|---|---|---|---|
| 001 | stu21109 | ||
| 005 | 20150617225749.4 | ||
| 008 | 970115s1996----uk------------------eng-d | ||
| 020 | |a 0-19-457209-9 | ||
| 040 | |a STU |b slo | ||
| 041 | 0 | |a eng | |
| 044 | |a uk | ||
| 080 | |a 802.0 | ||
| 100 | 1 | |a Grant, David |4 aut | |
| 245 | 1 | |a Business Basics. Teacher's Book / |c [aut.]Grant,David, McLarty,Robert | |
| 250 | |a 2nd impression | ||
| 260 | |a Oxford : |b Oxford University Press, |c 1996 | ||
| 300 | |a 77 s | ||
| 700 | 1 | |a McLarty, Robert |4 aut | |
| 996 | |b C94655 |c C*94655 |l CCI |s A |a 24 |w stu21109_0001 | ||
| 996 | |b 284C009810 |c C*94656 |l CCI |s A |a 24 |w stu21109_0002 | ||